Trinidad H. Pardo de Tavera / (Record no. 138769)
[ view plain ]
| 000 -LEADER | |
|---|---|
| campo de control de longitud fija | 00686nam a2200193 i 4500 |
| 001 - NÚMERO DE CONTROL | |
| campo de control | 138769 |
| 003 - IDENTIFICADOR DE NÚMERO DE CONTROL | |
| campo de control | ES-MaACL |
| 005 - FECHA Y HORA DE LA ÚLTIMA TRANSACCIÓN | |
| campo de control | 20251114125020.0 |
| 007 - CAMPO FIJO DE DESCRIPCIÓN FÍSICA--INFORMACIÓN GENERAL | |
| campo de control de longitud fija | t| |
| 008 - DATOS DE LONGITUD FIJA--INFORMACIÓN GENERAL | |
| campo de control de longitud fija | 070214s1913 phl r ||||1| spa d |
| 100 1# - ENTRADA PRINCIPAL--NOMBRE DE PERSONA | |
| Nombre de persona | Santos Cristóbal, Epifanio de los. |
| 9 (RLIN) | 103496 |
| 245 10 - MENCIÓN DEL TÍTULO | |
| Título | Trinidad H. Pardo de Tavera / |
| Mención de responsabilidad, etc. | por Epifanio de los Santos Cristóbal. |
| 260 ## - PUBLICACIÓN, DISTRIBUCIÓN, ETC. | |
| Lugar de publicación, distribución, etc. | [S. l. : |
| Nombre del editor, distribuidor, etc. | s. n.], |
| Fecha de publicación, distribución, etc. | 1913 ( |
| Lugar de fabricación/manufactura | Manila : |
| Fabricante | Imp. `Cultura Filipina`) |
| 300 ## - DESCRIPCIÓN FÍSICA | |
| Extensión | 183 p., 1 lám. = retr. de Pardo de Tavera ; |
| Dimensiones | 23 cm. |
| 500 ## - NOTA GENERAL | |
| Nota general | Es reimp. de: `Cultura Filipina`, octubre 1913. |
| 600 17 - PUNTO DE ACCESO ADICIONAL DE MATERIA--NOMBRE DE PERSONA | |
| Nombre de persona | Pardo de Tavera, T. H., |
| Fechas asociadas al nombre | 1857-1925 |
| Fuente del encabezamiento o término | |
| 9 (RLIN) | 152888 |
| 852 ## - LOCALIZACIÓN | |
| Ubicación | ES-MaACL |
| Número de control de estantería | T-1470-F-1 |
| Estatus retirado | Estado de pérdida | Estado de daño | No para préstamo | Colección | Biblioteca de origen | Biblioteca actual | Ubicación en estantería | Fecha de adquisición | Fuente de adquisición | Total de préstamos | Signatura topográfica completa | Código de barras | Visto por última vez | Precio de reemplazo | Tipo de ítem Koha |
|---|---|---|---|---|---|---|---|---|---|---|---|---|---|---|---|
| Colección de folletos | Biblioteca del Ateneo de Madrid | Biblioteca del Ateneo de Madrid | Depósito folletos | 17/01/2008 | T-1470-F-1 | 1144402 | 23/02/2023 | 23/02/2023 | Folleto |
